Democratizing Global Media : One World, Many Struggles /

I tiakina i:
Ngā taipitopito rārangi puna kōrero
Kaituhi matua: Hackett, Robert A. (autor)
Ētahi atu kaituhi: Zhao, Yuezhi (autor) (autor)
Hōputu: Pukapuka
Reo:Ingarihi
I whakaputaina: Lanham, EUA : Rowman and Littlefield, 2005, c2005
Rangatū:(Critical Media Studies. Institutions, Politics, and Culture)
Ngā marau:
Ngā Tūtohu: Tāpirihia he Tūtohu
Kāore He Tūtohu, Me noho koe te mea tuatahi ki te tūtohu i tēnei pūkete!

MARC

LEADER 00000nam^a2200000^a^4500
001 000183510
005 20250521000000.0
009 20260310102044.603
020 |a 0-7425-3642-4 
037 |a Acervo ITESO - Biblioteca 
041 |a ING 
082 |a 322. 31  |b HAC 
100 |a Hackett, Robert A.  |e (autor) 
245 1 0 |a Democratizing Global Media :  |b One World, Many Struggles /  |c R.A. Hackett, Y. Zhao ; pról. de Majid Tehranian. 
264 4 |a Lanham, EUA :  |b Rowman and Littlefield,  |c 2005, c2005 
300 |a XIV, 328 p. 
336 |a texto  |b txt  |2 rdacontenido 
337 |a sin mediación  |b n  |2 rdamedio 
338 |a volumen  |b nc  |2 rdasoporte 
440 1 |a (Critical Media Studies.  |p Institutions, Politics, and Culture) 
649 |a XX 
650 |a Periodismo de Guerra 
650 |a Periodismo Político 
650 |a Comunicación y Democracia -  |z Africa 
650 |a Comunicación y Democracia -  |z Europa Oriental 
650 |a Comunicación y Política -  |z Africa 
650 |a Comunicación y Política -  |z China -  |x Historia -  |y 1980-1993 
650 |a Comunicación y Política -  |z China -  |x Historia -  |y 1993-2003 
650 |a Comunicación y Política -  |z China -  |x Historia -  |y Período de la República Popular, 1949 en Adelante 
650 |a Comunicación y Política -  |z Europa Oriental -  |x Historia -  |y 1989-2000 
650 |a Comunicación y Política -  |z India -  |x Historia -  |y Período Independiente, 1947 en Adelante 
650 |a Comunicación y Política -  |z Latinoamérica 
650 |a Medios de Comunicación -  |z EUA 
650 |a Comunicación Masiva -  |z EUA 
650 |a Democratización -  |z Europa Oriental 
650 |a Cambios Políticos -  |z Europa Oriental 
650 |a Sociedad Civil -  |z Europa Oriental 
650 |a Género 
650 |a Igualdad y Desigualdad 
650 |a Guerra y Paz 
650 |a Conflictos Internacionales 
650 |a Violencia Política 
650 |a Intervención Militar en Irak 
650 |a Intervención Militar de EUA 
650 |a Política -  |z Irak -  |x Historia -  |y Invasión Norteamericana, 2003-2004 
650 |a Política -  |z Irak -  |x Historia -  |y Siglo XXI 
650 |a Identidad Nacional -  |z Israel 
650 |a Cultura Política -  |z Latinoamérica 
650 |a Desarrollo Regional 
650 |a Globalización 
650 |a Política Internacional 
700 |a Zhao, Yuezhi  |e (autor) 
910 |a Fondo General 
920 |a Impresos - Libros 
930 |a Colección General 
905 |a 101 
901 |a 0500124060  |b IT1  |c ACC  |u 20250521 
902 |a https://opac.biblio.iteso.mx/vufind/Record/000183510